000 01225nam a2200325 i 4500
003 EG-GICUC
005 20260121101334.0
008 251123s1966 fr d|||f |||| 000 0 fre d
040 _aEG-GiCUC
_bfre
_cEG-GiCUC
_dEG-GiCUC
_eRda
041 0 _afre
082 0 4 _221
_a338.9
_bTU . A
092 0 4 _221
099 _aLaw1 13 338.9 TU . A 1966
100 1 _aTunc, André
_eAuteur
245 1 4 _aLes Aspects Juridiques Du Développement Économique /
_cAndré Tunc, Konrad Zweigert.
246 1 4 _aLegal Aspects Of Economic Development
264 1 _aParis :
_bLibrairie Dalloz,
_c1966.
300 _a206 page :
_billustration ; tableaux
_c 24 cm.
336 _2rda contenu
_a texte
337 _2rda medias
_aOrdinateur
338 _2 transporteur rda
_a Ressource en ligne
500 _aEtudes Préparées À La Requête De L'unesco Qui En A Autorisé La Publication Surveys Made At The Request Of Unesco Wich Has Authorized These Publication
546 _aTexte en français
650 1 4 _aFinances publiques et législation fiscale
_2qrmak
651 1 _2qrmak
700 1 _aZweigert, Konrad
_ePrésident
856 4 0 _uhttps://fll.law.cu.edu.eg/fulltext/bks/B13-07598.pdf
905 _a70
942 _2ddc
_cBK
_e21
_n0
999 _c45469
_d45469